000 00750nam a2200205 a 4500
003 0
005 20250412105529.0
008 970101s19uu xx 00 eng d
050 _aPGS SF 413
_b.K49 2004
100 _aKim, Seul Gi.
245 _aThe preferred pets of grade 6 students /
_cSeul Gi Kim.
260 _aLas PiƱas City, Philippines :
_bSouthville International School and Colleges,
_c2004.
300 _a27 pages :
_billustrations ;
_c28 cm.
504 _aIncludes bibliographical references.
650 _aGrade 6 students
_vPet preferences and care.
650 _aPets
_vPreferred by school children.
650 _aChildren
_vAttitudes toward pet ownership.
650 _aPet ownership
_vPsychological aspects.
942 _2lcc
_cPASS
999 _c97004
_d97004